Paroles - Non, je n'ai rien oublié (Charles Aznavour) - Statistiques

Statistiques générales
  • Ce quiz a été pris 123 fois
  • Le résultat moyen est 296 sur 392
Statistiques - réponses
Réponse % Correct
Je
100%
je
100%
Non
98%
Non,
98%
98%
oublié.
98%
oublié,
98%
rien
98%
Rien
98%
de
96%
n'ai
96%
à
94%
A
94%
a
94%
la
94%
La
94%
Le
94%
le
94%
des
92%
es
92%
est
90%
Et
90%
et
90%
et,
90%
il
90%
Il
90%
ma
90%
m'a
90%
pas
90%
te
90%
Te
90%
un
90%
ce
88%
en
88%
les
88%
Les
88%
se
88%
Toi
88%
toi
88%
toi.
88%
tu
88%
Tu
88%
Mais
86%
mais
86%
moi,
86%
moi ?
86%
par
86%
Si
86%
si
86%
vie.
86%
femme
84%
n'as
84%
ne
84%
nous,
84%
nous
84%
Que
84%
que
84%
Qui
84%
qui
84%
rencontré
84%
tes
84%
jamais
82%
80%
du
80%
envie.
80%
envie,
80%
mari
80%
me
80%
prend
80%
sa
80%
ta
80%
Allons
78%
allons
78%
alors,
78%
jour,
78%
changé
76%
Comme
76%
comme
76%
destin
76%
J'ai
76%
jours ?
76%
mariage ?
76%
On
76%
ont
76%
prendre
76%
riche
76%
verre,
76%
coiffure
75%
comblée ?
75%
cru
75%
donc,
75%
n'aurais
75%
parents
75%
passe.
75%
passé
75%
passé.
75%
peu
75%
pour
75%
Pour
75%
qu'à
75%
qu'on
75%
toujours
75%
as
73%
bien
73%
crever
73%
curieux,
73%
Es-tu
73%
fois
73%
hasard
73%
hasard,
73%
Marié,
73%
n'en
73%
nulle
73%
peut-être
73%
puis,
73%
rage.
73%
sans
73%
seule
73%
situation.
73%
sur
73%
fais-tu
71%
fait
71%
Paris,
71%
parle-moi
71%
tout
71%
vis
71%
avant
69%
choisi
69%
choses.
69%
Entre
69%
étais
69%
longtemps
69%
pressé,
69%
provoque
69%
provoqué,
69%
rencontrerait;
69%
Ton
69%
voulu
69%
C'est
67%
c'est
67%
cloîtrée,
67%
disponible,
67%
fallu
67%
mon
67%
pose.
67%
renonce.
67%
revoir,
67%
revoir
67%
temps
67%
avec
65%
cent
65%
ni
65%
regarder.
65%
réponse.
65%
t'ai
65%
aux
63%
écrit
63%
instant,
63%
J'aime
63%
liberté,
63%
sais
63%
années,
61%
mois,
61%
souvent
61%
amour
59%
coup,
59%
dire,
59%
êtres,
59%
face
59%
face ?
59%
père,
59%
veux,
59%
commencer,
57%
mettrait
57%
nos
57%
possible,
57%
trop
57%
voudrais,
57%
dit
55%
qu'un
55%
ambitions,
53%
d'autres
53%
notre
53%
plus
53%
sous
53%
toute
53%
coeur
51%
l'avoir
51%
Marquent
51%
quand
51%
souvenirs
51%
vouloir
51%
ayant
49%
forcer,
49%
larmes
49%
malgré
49%
m'aurait
49%
meurt
49%
nouveau,
49%
portais
49%
raccompagne
49%
sens
49%
souris
49%
va
49%
viens,
49%
arme,
47%
besoin
47%
croyais
47%
fond
47%
rues
47%
défaite.
45%
d'un
45%
foisonnent,
45%
jaillir
45%
l'âge
45%
porte.
45%
bain
43%
baisers
43%
Cela
43%
d'adolescence.
43%
l'automne.
43%
léger.
43%
l'hiver,
43%
revenir
43%
revient
43%
sources
43%
tête,
43%
travers
43%
ans
41%
café
41%
mortes,
41%
printemps
41%
vingt
41%
volait
41%
brisé
39%
envahissent
39%
fermer.
39%
L'heure
39%
présence.
39%
résonnent.
39%
sentir
39%
doux
37%
différent,
35%
était
33%
Chaque
31%
déjà,
31%
saison
31%
court
27%
d'aimer,
25%
Oui,
25%
craignions
10%
Aucun quiz correspondant
Distribution des résultats
% des personnes avec chaque résultat
Percentile par nombre de réponses
Votre historique - résultats
Vous n’avez pas pris ce quiz